Ethics in Professional Education (Record no. 2245)

MARC details
005 - DATE AND TIME OF LATEST TRANSACTION
control field 20250513100702.0
020 ## - INTERNATIONAL STANDARD BOOK NUMBER
International Standard Book Number 0 780367 518295
082 ## - DEWEY DECIMAL CLASSIFICATION NUMBER
Classification number 370.1
245 ## - TITLE STATEMENT
Title Ethics in Professional Education
260 ## - PUBLICATION, DISTRIBUTION, ETC.
Place of publication, distribution, etc. London,
Name of publisher, distributor, etc. Routledge,
Date of publication, distribution, etc. 2020.
300 ## - PHYSICAL DESCRIPTION
Extent ix, 120p.
Dimensions 24cm.
700 ## - ADDED ENTRY--PERSONAL NAME
Other authors/Editors Martin C & Ruitenberg, Claudia W.
942 ## - ADDED ENTRY ELEMENTS (KOHA)
Source of classification or shelving scheme Dewey Decimal Classification
Koha item type Books
Holdings
Date last seen Total checkouts Barcode Cost, replacement price Price effective from Koha item type Lost status Source of classification or shelving scheme Damaged status Not for loan Withdrawn status Home library Current library Shelving location Date acquired Cost, normal purchase price
05/13/2025   DOM 00033 90000.00 05/13/2025 Books   Dewey Decimal Classification       CBE Dodoma CBE Dodoma Special Reserve Collection 02/02/2025 30000.00